00570nam a2200181 a 450000100100000000500170001000800410002704000130006808200150008110000190009624500490011526000780016430000200024249000160026250000420027850400520032083000160037200001643320200929164426.0100305s1996 dr 000 0 spa d aDO-SdBNP axxxbR669s1 aRoca, Frank A.10aSemblanza de Ligio Vizardi /cFrank A. Roca. aSanto Domingo :bPublicaciones de la Universidad Dominicana O y M,c1996. a57 p. ;c22 cm.1 aHumanidadez aIncluye notas al pie de las páginas aIncluye referencias bibliográficas (p. 54-57) 0aHumanidadez